000 02565 a2200361 4500
001 OB-pressesmines-3934
003 FrMaCLE
005 20251214082703.0
007 cu ||||||m||||
008 180731e||||||||xx |||||s|||||||||0|fr|d
020 _a978-2-35671-524-1
024 7 _a10.4000/books.pressesmines.3934
_2doi
040 _aFR-FrMaCLE
041 _afra
100 1 _aDenis, Jérôme
245 1 3 _aLe travail invisible des données :
_bÉléments pour une sociologie des infrastructures scripturales /
_cJérôme Denis.
260 _aParis :
_bPresses des Mines,
_c2018.
300 _a206 p.
500 _aEbook
520 _a Ouvertes, massives, brutes… les données sont aujourd’hui au cœur de nombreux débats. Les optimistes y voient une ressource naturelle dont la récolte et la circulation sont en passe de révolutionner l’innovation et la démocratie, tandis que les pessimistes les dépeignent comme le carburant de mécanismes qui ne profiteront qu’aux puissants et renforceront les inégalités. Face aux enthousiasmes et aux affolements, face au vocabulaire de la transparence, de la fluidité et de l’automatisation qu’ils mobilisent, ce livre fait un pas de côté et défend la nécessité d’étudier les modalités concrètes de la production et de la circulation des données. Les données ne tombent en effet jamais du ciel. Elles n’affleurent pas non plus sous le sol des organisations. En amont de leurs traitements si prometteurs ou inquiétants, elles font l’objet d’un travail dont la nature, l’organisation et les processus mêmes qui mènent à son invisibilité restent à explorer. En articulant les apports de la sociologie des sciences et des techniques, de l’histoire, de l’anthropologie de l’écriture, de la sociologie du travail et des accounting studies, l’ouvrage compose un outillage conceptuel et méthodologique original pour interroger au plus près ce travail des données, qui est devenu central dans les entreprises et les administrations à partir de la fin du XIXe siècle.
540 _aOpenEdition Books License
_uhttps://www.openedition.org/12554
650 4 _aHumanities, Multidisciplinary
650 4 _adonnées massives
650 4 _asociologie du travail
650 4 _adata
650 4 _adonnées
650 4 _adonnées ouvertes
650 4 _adonnées brutes
650 4 _adata
650 4 _aaccounting studies
776 _z978-2-35671-500-5
856 4 _eDenis, Jérôme
_uhttps://books.openedition.org/pressesmines/3934
_yLe travail invisible des données
999 _c7974
_d7974